Siglo XXI (Record no. 1645)

MARC details
000 -CABECERA
campo de control de longitud fija 00737nam a2200181 a 4500
001 - NÚMERO DE CONTROL
campo de control BRCA_1867
005 - FECHA Y HORA DE LA ÚLTIMA TRANSACCIÓN
campo de control 20190320203600.0
008 - DATOS DE LONGITUD FIJA--INFORMACIÓN GENERAL
campo de control de longitud fija 090608s1997----ag-#---###---#000-0#spa-#
050 #4 - SIGNATURA TOPOGRÁFICA DE LA BIBLIOTECA DEL CONGRESO
Número de clasificación AM5
Número de documento/Ítem .I36 1997
245 10 - MENCIÓN DE TÍTULO
Título Siglo XXI
Resto del título hacia una nueva gestión en instituciones culturales : ponencias y documentos.
260 ## - PUBLICACIÓN, DISTRIBUCIÓN, ETC.
Lugar de publicación, distribución, etc. Argentina
Nombre del editor, distribuidor, etc. ICOM
Fecha de publicación, distribución, etc. 1997
300 ## - DESCRIPCIÓN FÍSICA
Extensión 1 v. (sin paginación)
Dimensiones 30 cm.
500 ## - NOTA GENERAL
Nota general Memoria del IV Seminario Latinoamericano sobre Patrimonio Cultural realizado en Mar de Plata (Argentina), 15-18 octubre, 1997
611 24 - PUNTO DE ACCESO ADICIONAL DE MATERIA--NOMBRE DE REUNIÓN/CONGRESO
Nombre de congreso/reunión o jurisdicción como elemento de entrada Seminario Latinoamericano sobre Patrimonio Cultural
Número del congreso/reunión o número de parte o sección IV
Subdivisión de forma Ponencias
9 (RLIN) 5784
650 14 - PUNTO DE ACCESO ADICIONAL DE MATERIA--TÉRMINO DE MATERIA
Término de materia o nombre geográfico como elemento de entrada Gestión cultural
Subdivisión de forma Congresos
9 (RLIN) 5785
650 14 - PUNTO DE ACCESO ADICIONAL DE MATERIA--TÉRMINO DE MATERIA
Término de materia o nombre geográfico como elemento de entrada Patrimonio cultural
Subdivisión de forma Congresos
9 (RLIN) 5786
942 ## - ELEMENTOS DE PUNTO DE ACCESO ADICIONAL (KOHA)
Fuente del sistema de clasificación o colocación Library of Congress Classification
Tipo de ítem Koha Libros
Holdings
Estado de retiro Estado de pérdida Estado dañado No para préstamo Localización permanente Ubicación/localización actual Fecha de adquisición Total de préstamos Signatura topográfica completa Código de barras Fecha visto por última vez Precio válido a partir de Tipo de ítem Koha
El ejemplar forma parte de la colección y puede ser consultado según las políticas vigentes.       Biblioteca del Museo Franz Mayer (Rogerio Casas-Alatriste) Biblioteca del Museo Franz Mayer (Rogerio Casas-Alatriste) 30/07/2008   AM5 .I36 1997 00180 22/03/2019 22/03/2019 Libros